| 000 | 00732cam a2200265 4500 | ||
|---|---|---|---|
| 001 | ABS66884 | ||
| 008 | 030731n2003 000 0 eng u | ||
| 035 | _a(Sirsi) u123169 | ||
| 245 | _aRegional survey: Somerset, Devon and Cornwall | ||
| 260 | _c2003 | ||
| 490 |
_aProperty Week _v68(28) 18 July 2003, 57-68(8) |
||
| 590 | _aABS | ||
| 650 | _aSOMERSET | ||
| 650 | _aDEVON | ||
| 650 | _aCORNWALL | ||
| 650 | _aNEWQUAY | ||
| 650 | _aTAUNTON | ||
| 650 | _aPLYMOUTH | ||
| 650 | _aEXETER | ||
| 650 | _aSOUTHWEST ENGLAND | ||
| 650 | _aPROPERTY-COMMERCIAL PROPERTY-OFFICE PROPERTY-OFFICE PROPERTY MARKET | ||
| 650 | _aLEISURE MARKET | ||
| 690 | _aPROPERTY-COMMERCIAL PROPERTY-COMMERCIAL PROPERTY MARKET | ||
| 942 | _n0 | ||
| 999 |
_c73147 _d73147 |
||